000 00593nam a2200181 i 4500
001 91181
003 ES-MaACL
005 20250718063319.0
007 t|
008 050127q19101919sp ||||1| spa d
100 1 _aLeroy-Beaulieu, Paul,
_d1843-1916
_971810
245 1 0 _aCompendio de economía política /
_cpor Paul Leroy-Beaulieu ; traducción de Manuel Alonso Paniagua.
260 _aMadrid :
_b[s.n.,
_c191-?] (
_fGabriel López del Horno)
300 _a414 p. ;
_c23 cm.
700 1 _aAlonso Paniagua, Manuel.
_920378
852 _aES-MaACL
_jB-5968
999 _c91181
_d91181